[Event "5th HD Bank Cup 2015"]
[Site "Ho Chi Minh City VIE"]
[Date "2015.03.18"]
[Round "2.31"]
[White "Turqueza, Mari Joseph"]
[Black "Nguyen, Tan Thinh"]
[Result "1-0"]
[WhiteTitle "FM"]
[WhiteElo "2243"]
[BlackElo "1990"]
[WhiteFideId "5204674"]
[BlackFideId "12403458"]
[EventDate "2015.03.17"]

1. d4 Nf6 2. c4 g6 3. Nc3 Bg7 4. e4 d6 5. Nf3 O-O 6. h3 e5 7. d5 Nbd7 8. Bg5 h6
9. Be3 Nc5 10. Nd2 a5 11. g4 Nh7 12. h4 b6 13. h5 gxh5 14. gxh5 f5 15. Qc2 Ng5
16. O-O-O f4 17. Bxc5 bxc5 18. Be2 f3 19. Bd3 Nh3 20. Rh2 Bg4 21. Rdh1 Nf4 22.
Kb1 Qe8 23. Rg1 Bxh5 24. Rg3 Qf7 25. Bf1 Ne2 26. Bxe2 fxe2 27. Qc1 Kh7 28. Qh1
Qf4 29. Kc2 Bg4 30. Rhg2 h5 31. Nxe2 Bxe2 32. Rxg7+ Kh8 33. R7g5 Rf7 34. f3 Bxf3
35. Nxf3 Qxe4+ 36. Kc1 Qxc4+ 37. Kd1 Rh7 38. Rxh5 Qxd5+ 39. Nd2 1-0

[Event "5th HD Bank Cup 2015"]
[Site "Ho Chi Minh City VIE"]
[Date "2015.03.18"]
[Round "2.32"]
[White "Tran, Thi Mong Thu"]
[Black "Nguyen, Anh Khoi"]
[Result "0-1"]
[BlackTitle "FM"]
[WhiteElo "1934"]
[BlackElo "2239"]
[WhiteFideId "12403415"]
[BlackFideId "12404675"]
[EventDate "2015.03.17"]

1. e4 c5 2. Nf3 e6 3. d4 cxd4 4. Nxd4 a6 5. Nc3 Qc7 6. a3 b5 7. Bd2 Bb7 8. Bd3
Nf6 9. O-O h5 10. h3 Bc5 11. Nde2 Nc6 12. Bf4 Ne5 13. Qd2 O-O-O 14. b4 Bb6 15.
Bxb5 axb5 16. Nxb5 Nxe4 17. Qe1 Qc4 18. Nec3 d6 19. Nxe4 Bxe4 20. Nxd6+ Rxd6 21.
Bxe5 Rd5 22. Bg3 Rg5 23. Kh1 h4 24. Qd2 Rxg3 25. fxg3 hxg3 0-1

[Event "5th HD Bank Cup 2015"]
[Site "Ho Chi Minh City VIE"]
[Date "2015.03.18"]
[Round "2.33"]
[White "Nguyen, Truong Bao Tran"]
[Black "Dang, Hoang Son"]
[Result "0-1"]
[BlackTitle "FM"]
[WhiteElo "1884"]
[BlackElo "2237"]
[WhiteFideId "12402311"]
[BlackFideId "12402435"]
[EventDate "2015.03.17"]

1. c4 Nc6 2. Nc3 e5 3. e4 g6 4. d3 Bg7 5. f4 d6 6. Nf3 Nge7 7. Be2 O-O 8. O-O
Nd4 9. Be3 Nxe2+ 10. Qxe2 c6 11. Rad1 Bg4 12. Qd2 d5 13. cxd5 cxd5 14. Nxd5 Nxd5
15. exd5 exf4 16. Bxf4 Qxd5 17. b3 Rac8 18. Bh6 Bxh6 19. Qxh6 Rc2 20. Rd2 Rxd2
21. Qxd2 Rd8 22. Ng5 Bf5 23. Rd1 Qxd3 24. Qxd3 Rxd3 25. Rxd3 Bxd3 26. Kf2 f6 27.
Ne6 Be4 28. g3 Kf7 29. Nd4 Ke7 30. Ke3 Bd5 31. Nb5 a6 32. Nc3 Bc6 33. Kd4 Ke6
34. b4 f5 35. Ke3 g5 36. Ne2 Ke5 37. h4 h6 38. a3 Bb5 39. Ng1 g4 40. h5 Bc4 41.
a4 b5 42. a5 Bf1 0-1

[Event "5th HD Bank Cup 2015"]
[Site "Ho Chi Minh City VIE"]
[Date "2015.03.18"]
[Round "2.34"]
[White "Tran, Minh Thang"]
[Black "Nguyen, Huynh Tuan Hai"]
[Result "0-1"]
[WhiteTitle "CM"]
[WhiteElo "2196"]
[BlackElo "1881"]
[WhiteFideId "12401080"]
[BlackFideId "12402923"]
[EventDate "2015.03.17"]

1. d4 Nf6 2. Bf4 g6 3. Nf3 Bg7 4. e3 d6 5. a4 Nbd7 6. c3 O-O 7. h3 a6 8. a5 b5
9. axb6 cxb6 10. Nbd2 Bb7 11. Be2 b5 12. Nb3 Nb6 13. O-O Bd5 14. Nfd2 Ne4 15.
Qc2 f5 16. Bf3 e5 17. Bh2 Nxd2 18. Bxd5+ Nxd5 19. Qxd2 Nb6 20. Na5 Qc7 21. Rfd1
Rfd8 22. Qc2 Na4 23. Qb3+ d5 24. dxe5 Qxa5 25. Rxd5 Kh8 26. Rad1 Qc7 27. e6 Qe7
28. Rd7 Rxd7 29. exd7 Rd8 30. Qd5 Nb6 31. Qb7 Rxd7 32. Qb8+ Qf8 33. Qxf8+ Bxf8
34. Ra1 Na4 35. b3 Nxc3 36. Be5+ Bg7 37. Bxg7+ Kxg7 38. Rxa6 Rd1+ 39. Kh2 Rb1
40. g4 Rxb3 41. gxf5 gxf5 42. Kg2 Rb2 43. h4 Ne4 44. Kh3 Rxf2 45. Rb6 Rf3+ 46.
Kg2 Rg3+ 47. Kh2 Rxe3 48. Rxb5 f4 49. h5 f3 50. Rb7+ Kh6 51. Rb6+ Kxh5 52. Kg1
f2+ 53. Kg2 Rg3+ 54. Kh2 0-1

[Event "5th HD Bank Cup 2015"]
[Site "Ho Chi Minh City VIE"]
[Date "2015.03.18"]
[Round "2.35"]
[White "Li, Xueyi"]
[Black "Kebbedies, Frank"]
[Result "1-0"]
[WhiteElo "2190"]
[BlackElo "1842"]
[WhiteFideId "8605912"]
[BlackFideId "24606944"]
[EventDate "2015.03.17"]

1. d4 Nf6 2. c4 e6 3. Nc3 d5 4. cxd5 exd5 5. Bg5 Be7 6. e3 c6 7. Bd3 O-O 8. Nge2
Nbd7 9. O-O h6 10. Bh4 Ne4 11. Bxe7 Qxe7 12. Bxe4 dxe4 13. d5 Nf6 14. dxc6 bxc6
15. Qa4 Rb8 16. b3 Rb6 17. Rad1 c5 18. Nf4 Qe5 19. Ncd5 Ra6 20. Nxf6+ Qxf6 21.
Qxe4 Rxa2 22. Nd5 Qe6 23. Qb1 Ra5 24. e4 Ba6 25. Rfe1 Rb8 26. Qc2 Bb7 27. Re3
Bxd5 28. exd5 Qd6 29. Rde1 Rf8 30. Qc4 Qa6 31. Qc3 Rb5 32. Rg3 f6 1-0

[Event "5th HD Bank Cup 2015"]
[Site "Ho Chi Minh City VIE"]
[Date "2015.03.18"]
[Round "2.36"]
[White "Frost, Peter"]
[Black "Pham, Xuan Dat"]
[Result "0-1"]
[WhiteElo "1821"]
[BlackElo "2189"]
[WhiteFideId "3204634"]
[BlackFideId "12401307"]
[EventDate "2015.03.17"]

1. b3 d5 2. Bb2 Bf5 3. e3 Nd7 4. Nf3 e6 5. Be2 h6 6. O-O Ngf6 7. c4 Bd6 8. cxd5
exd5 9. d3 O-O 10. Qc2 c5 11. Nbd2 Re8 12. Rfe1 Rc8 13. Rac1 Bh7 14. Qb1 b5 15.
Qa1 a6 16. Bf1 Bf8 17. Ne5 Nxe5 18. Bxe5 Ng4 19. Bg3 g5 20. a4 Bg7 21. Qa2 h5
22. h3 h4 23. Bxh4 Nxe3 24. Rxe3 Rxe3 25. fxe3 gxh4 26. Nf3 Qe7 27. Qf2 Bh6 28.
Re1 Re8 29. e4 d4 30. Qxh4 Qxh4 31. Nxh4 Be3+ 32. Kh2 Bf2 33. Rc1 Bxh4 34. axb5
axb5 35. Rxc5 Rb8 36. g3 Bf6 37. h4 Kf8 38. Bh3 b4 39. Bd7 Bg8 40. Rc8+ Rxc8 41.
Bxc8 Be5 42. Bg4 f5 43. Bd1 fxe4 44. dxe4 Ke7 45. Kg2 Kf6 46. Kf3 Bd6 47. g4 Ke5
48. h5 Be7 49. Bc2 Bh4 50. Ke2 Be6 51. Kd3 Bg5 52. Bd1 Be3 53. Bc2 Bxg4 54. Kc4
Bd2 55. h6 Be6+ 56. Kc5 Bg8 57. Bd3 Bh7 58. Kc4 Bxh6 59. Kxb4 Bxe4 60. Kc4 Bxd3+
61. Kxd3 Bf8 62. Kc4 Ke4 0-1

[Event "5th HD Bank Cup 2015"]
[Site "Ho Chi Minh City VIE"]
[Date "2015.03.18"]
[Round "2.37"]
[White "Truong, Anh Kiet"]
[Black "Luong, Phuong Hanh"]
[Result "0-1"]
[WhiteElo "1766"]
[BlackElo "2175"]
[WhiteFideId "12405990"]
[BlackFideId "12401013"]
[EventDate "2015.03.17"]

1. e4 c5 2. c3 d5 3. exd5 Qxd5 4. d4 Nf6 5. Nf3 e6 6. Be2 cxd4 7. cxd4 Be7 8.
Nc3 Qd8 9. O-O O-O 10. Ne5 Nc6 11. Nxc6 bxc6 12. Bf3 Qc7 13. Be3 Ba6 14. Re1
Rab8 15. Qc2 Bd6 16. g3 Qb6 17. Ne4 Nxe4 18. Bxe4 Qxb2 19. Bxh7+ Kh8 20. Bd3
Qxc2 21. Bxc2 Bc4 22. Bb3 Bxb3 23. axb3 Rb7 24. Ra6 Rc8 25. Rc1 Bb8 26. Rc3 Kg8
27. Kg2 Kf8 28. Kf3 Ke7 29. h4 Kd7 30. Bf4 Bxf4 31. Kxf4 Rcc7 32. g4 Rb4 33. Ke3
Kd6 34. h5 Rb5 35. f4 f6 36. Kf3 Rb4 37. Ke3 Kd7 38. g5 Rb5 39. h6 gxh6 40. g6
Rb8 41. Ke4 Kd6 42. f5 Rb5 43. g7 exf5+ 44. Kf4 Rb8 45. Kxf5 Rg8 46. Kxf6 Rgxg7
47. Kf5 Rcf7+ 48. Ke4 Rg4+ 49. Kd3 Rg3+ 50. Kc4 Rxc3+ 51. Kxc3 h5 52. Ra5 Rh7
53. Kc4 h4 54. Ra2 h3 55. Rh2 a5 56. Kc3 Kd5 0-1

[Event "5th HD Bank Cup 2015"]
[Site "Ho Chi Minh City VIE"]
[Date "2015.03.18"]
[Round "2.38"]
[White "Nguyen, Minh Tuan"]
[Black "Nguyen, Ngoc Thuy Trang"]
[Result "0-1"]
[BlackTitle "WCM"]
[WhiteElo "2142"]
[BlackElo "1841"]
[WhiteFideId "12403512"]
[BlackFideId "12400688"]
[EventDate "2015.03.17"]

1. Nf3 d5 2. g3 Nc6 3. d4 Bf5 4. Bg2 e6 5. O-O Bd6 6. c4 dxc4 7. Qa4 Ne7 8. Nc3
O-O 9. e4 Bg4 10. e5 Bb4 11. a3 Bxf3 12. Bxf3 Nxd4 13. Bxb7 Bxc3 14. bxc3 Ne2+
15. Kg2 Rb8 16. Bf3 Nxc3 17. Qxc4 Ncd5 18. Qg4 Ng6 19. Re1 c6 20. h4 Qa5 21. Bg5
Rb2 22. h5 Qc5 23. Re2 Rxe2 24. Bxe2 Nxe5 25. Qe4 Nc3 26. Qc2 Qd5+ 27. f3 Nxe2 0-1

[Event "5th HD Bank Cup 2015"]
[Site "Ho Chi Minh City VIE"]
[Date "2015.03.18"]
[Round "2.39"]
[White "Harini, S."]
[Black "Le, Minh Tu"]
[Result "1-0"]
[BlackTitle "FM"]
[WhiteElo "2125"]
[BlackElo "1810"]
[WhiteFideId "5024919"]
[BlackFideId "12404888"]
[EventDate "2015.03.17"]

1. e4 e6 2. d4 d5 3. Nc3 Bb4 4. e5 c5 5. a3 Ba5 6. b4 cxb4 7. Nb5 Nc6 8. axb4
Bxb4+ 9. c3 Be7 10. Ba3 Bxa3 11. Rxa3 Nge7 12. Nd6+ Kf8 13. Qh5 Ng6 14. Nf3 Bd7
15. Bd3 Kg8 16. Ng5 Be8 17. f4 Nce7 18. O-O h6 19. Ngxf7 Bxf7 20. Nxf7 Kxf7 21.
f5 exf5 22. Bxf5 Nxf5 23. Rxf5+ Kg8 24. Qxg6 Qe7 25. Ra1 h5 26. Rg5 a5 27. e6
Ra6 28. Rxd5 Rh6 29. Rd8+ 1-0

[Event "5th HD Bank Cup 2015"]
[Site "Ho Chi Minh City VIE"]
[Date "2015.03.18"]
[Round "2.40"]
[White "Nguyen, Sy Hung"]
[Black "Kuich, Gero"]
[Result "1-0"]
[WhiteElo "2113"]
[BlackElo "1763"]
[WhiteFideId "12401374"]
[BlackFideId "1322079"]
[EventDate "2015.03.17"]

1. c4 c5 2. Nc3 Nc6 3. g3 g6 4. Bg2 Bg7 5. d3 Nf6 6. e4 O-O 7. Nge2 d6 8. O-O
Rb8 9. h3 b6 10. f4 Bb7 11. g4 Nd7 12. Kh1 Nd4 13. Nxd4 Bxd4 14. Qe1 Bg7 15. Bd2
Nf6 16. Rb1 e6 17. Qg3 Ne8 18. f5 Be5 19. Qf3 Qd7 20. Bh6 Bg7 21. Bxg7 Kxg7 22.
Rf2 e5 23. Rbf1 f6 24. h4 Nc7 25. Qg3 Rf7 26. g5 Rbf8 27. Nd1 fxg5 28. hxg5 gxf5
29. exf5 Bxg2+ 30. Qxg2 Qd8 31. Ne3 Qa8 32. Qxa8 Rxa8 33. Rg1 Rh8 34. Rh2 Ne8
35. Rh6 Kf8 36. g6 Rd7 37. f6 Nxf6 38. g7+ Rxg7 39. Rxf6+ Kg8 40. Rxd6 Rxg1+ 41.
Kxg1 Kf7 42. Rd7+ Kf6 43. Rxa7 Rg8+ 44. Kf2 h5 45. Rb7 Kg5 46. Re7 h4 47. Rxe5+
Kf6 48. Rh5 1-0

[Event "5th HD Bank Cup 2015"]
[Site "Ho Chi Minh City VIE"]
[Date "2015.03.18"]
[Round "3.1"]
[White "Pascua, Haridas"]
[Black "Le, Quang Liem"]
[Result "0-1"]
[WhiteTitle "IM"]
[BlackTitle "GM"]
[WhiteElo "2423"]
[BlackElo "2676"]
[WhiteFideId "5203953"]
[BlackFideId "12401137"]
[EventDate "2015.03.17"]

1. d4 Nf6 2. c4 e6 3. Nf3 d5 4. g3 Be7 5. Bg2 O-O 6. O-O dxc4 7. Qa4 a6 8. Qxc4
b5 9. Qc2 Bb7 10. Bg5 Nbd7 11. Nbd2 c5 12. dxc5 Nxc5 13. Bxf6 gxf6 14. Rfd1 Rc8
15. Rac1 Qb6 16. Qb1 Rfd8 17. e3 f5 18. Nd4 Bf6 19. Bxb7 Qxb7 20. N2b3 Ne4 21.
Rxc8 Rxc8 22. Rc1 Rc4 23. Na5 Rxc1+ 24. Qxc1 Qd5 25. Nab3 Kg7 26. h4 f4 27. gxf4
Qh5 28. Qf1 Bxh4 29. Qg2+ Qg6 30. Qxg6+ Kxg6 31. f3 Nd6 32. e4 Bd8 33. Nc1 Bb6
34. Ne2 f5 35. e5 Nc4 36. b3 Nb2 37. Kg2 Kf7 38. Nc6 Nd3 39. a4 bxa4 40. bxa4
Ke8 41. Ncd4 Kd7 42. Nc2 Kc6 43. Kg3 Bf2+ 44. Kg2 Kc5 45. Nc1 Nxc1 46. Kxf2 Nd3+
47. Kg3 h6 48. Ne3 a5 49. Nc2 Nb2 50. Kh4 Nxa4 51. Kh5 Nc3 52. Kxh6 Nd5 0-1

[Event "5th HD Bank Cup 2015"]
[Site "Ho Chi Minh City VIE"]
[Date "2015.03.18"]
[Round "3.2"]
[White "Zhang, Zhong"]
[Black "Karavade, Eesha"]
[Result "1-0"]
[WhiteTitle "GM"]
[BlackTitle "IM"]
[WhiteElo "2614"]
[BlackElo "2405"]
[WhiteFideId "8600694"]
[BlackFideId "5012600"]
[EventDate "2015.03.17"]

1. e4 e5 2. Nf3 Nc6 3. d4 exd4 4. Nxd4 Bc5 5. Nxc6 Qf6 6. Qf3 Qxf3 7. gxf3 bxc6
8. Rg1 g6 9. Be3 Bxe3 10. fxe3 Rb8 11. b3 Ne7 12. Nc3 d6 13. O-O-O O-O 14. f4
Kh8 15. h4 f5 16. e5 dxe5 17. Bc4 e4 18. Na4 Ng8 19. h5 Kg7 20. Rh1 Re8 21. hxg6
hxg6 22. Nc5 Nf6 23. Rh3 Re7 24. Rd8 Re8 25. Rd4 Re7 26. Rh1 Bd7 27. Rhd1 Be8
28. Ne6+ Kh6 29. Rh1+ Nh5 30. Nc5 Kg7 31. Rd2 Bf7 32. Bxf7 Rxf7 33. Ne6+ Kf6 34.
Nd8 Rh7 35. Nxc6 Rb6 36. Ne5 Rd6 37. Rg1 g5 38. Nc4 Rxd2 39. fxg5+ Ke6 40. Kxd2
Rg7 41. Ke2 Nf6 42. Nd2 c5 43. a3 Nh7 44. Rh1 Nxg5 45. Rh6+ Kd7 46. Ra6 Kd8 47.
Rf6 Rf7 48. Rg6 Nh7 49. Nc4 Nf8 50. Rc6 Nd7 51. Nd6 Rh7 52. Nxf5 Rh2+ 53. Kd1
Ne5 54. Rxc5 Nf3 55. Kc1 1-0

[Event "5th HD Bank Cup 2015"]
[Site "Ho Chi Minh City VIE"]
[Date "2015.03.18"]
[Round "3.3"]
[White "Pitra, Andika"]
[Black "Tran, Tuan Minh"]
[Result "1-0"]
[WhiteTitle "FM"]
[BlackTitle "IM"]
[WhiteElo "2310"]
[BlackElo "2455"]
[WhiteFideId "7103255"]
[BlackFideId "12401820"]
[EventDate "2015.03.17"]

1. e4 c5 2. Nf3 d6 3. d4 cxd4 4. Nxd4 Nf6 5. Nc3 a6 6. f4 Qc7 7. Bd3 b5 8. O-O
Nbd7 9. a3 Nb6 10. Kh1 e6 11. Qe2 Be7 12. e5 Nfd5 13. Ne4 dxe5 14. fxe5 Nc4 15.
Qg4 g6 16. Bxc4 Qxc4 17. Bg5 Bf8 18. Qf3 f5 19. exf6 Kf7 20. Rad1 Bd7 21. Bh6 1-0

[Event "5th HD Bank Cup 2015"]
[Site "Ho Chi Minh City VIE"]
[Date "2015.03.18"]
[Round "3.5"]
[White "Nguyen, Ngoc Truong Son"]
[Black "Yap, Kim Steven"]
[Result "1/2-1/2"]
[WhiteTitle "GM"]
[BlackTitle "IM"]
[WhiteElo "2659"]
[BlackElo "2389"]
[WhiteFideId "12401110"]
[BlackFideId "5202809"]
[EventDate "2015.03.17"]

1. d4 Nf6 2. c4 g6 3. Nc3 d5 4. cxd5 Nxd5 5. e4 Nxc3 6. bxc3 Bg7 7. Be3 O-O 8.
Rc1 c5 9. Qd2 Qa5 10. Nf3 Nc6 11. d5 Rd8 12. Bd3 Bg4 13. O-O Bxf3 14. gxf3 e6
15. dxc6 c4 16. cxb7 Rab8 17. Rfd1 cxd3 18. c4 Qa6 1/2-1/2

[Event "5th HD Bank Cup 2015"]
[Site "Ho Chi Minh City VIE"]
[Date "2015.03.18"]
[Round "3.6"]
[White "Le, Tuan Minh"]
[Black "Rakhmanov, Aleksandr"]
[Result "0-1"]
[WhiteTitle "FM"]
[BlackTitle "GM"]
[WhiteElo "2393"]
[BlackElo "2639"]
[WhiteFideId "12401153"]
[BlackFideId "4173708"]
[EventDate "2015.03.17"]

1. d4 Nf6 2. Nf3 g6 3. g3 Bg7 4. Bg2 O-O 5. O-O d5 6. c4 c6 7. cxd5 cxd5 8. Nc3
e6 9. Bf4 Bd7 10. Rc1 Bc6 11. Ne5 Nfd7 12. Nxd7 Nxd7 13. Qd2 Qb6 14. Rfd1 Rfc8
15. h4 a5 16. h5 f5 17. hxg6 hxg6 18. b3 Kf7 19. Bf3 Rh8 20. Na4 Qb4 21. Qd3 Qe7
22. Qe3 Qa3 23. Qd2 Qb4 24. Qd3 Rac8 25. Nc5 Nxc5 26. Rxc5 Bd7 27. Bd6 Qb6 28.
Rxc8 Rxc8 29. Bc5 Qb5 30. Qe3 b6 31. Ba3 a4 32. g4 axb3 33. axb3 Qa5 34. Bd6 Qc3
35. gxf5 Qxe3 36. fxg6+ Kxg6 37. fxe3 Bh6 38. e4 Be3+ 39. Kg2 Rg8 40. Be5 Kf7+
41. Kh3 Ke7 42. Ra1 dxe4 43. Bg4 b5 44. Ra7 Rg6 45. Rb7 Rg5 46. Kh4 Bd2 47. Rb8
Be3 48. Rb7 Bd2 49. Rb8 Be3 50. Rh8 Be8 51. Rh7+ Bf7 52. Rh8 Rg8 53. Rh7 Rg5 54.
Kh3 Bd2 55. Bg3 Kf8 56. Be5 Ke7 57. Bg3 Kf8 58. Rh8+ Rg8 59. Bd6+ Ke8 60. Rh7
Rg6 61. Be5 Rh6+ 62. Rxh6 Bxh6 63. Kg3 Be3 64. Bh3 Ke7 65. Kh4 Be8 66. Bg2 Bc6
67. Kg3 b4 68. Bc7 Bxd4 69. Kf4 Bd5 70. Bxe4 Bxb3 71. Bb1 Bc4 72. e3 Bc3 73. Ke4
Kd7 74. Be5 Bd5+ 75. Kf4 Kc6 76. e4 Bb3 77. Bb8 Bd4 78. Kf3 Bd1+ 79. Kf4 b3 0-1

[Event "5th HD Bank Cup 2015"]
[Site "Ho Chi Minh City VIE"]
[Date "2015.03.18"]
[Round "3.7"]
[White "Bersamina, Paulo"]
[Black "Sadorra, Julio Catalino"]
[Result "1-0"]
[WhiteTitle "IM"]
[BlackTitle "GM"]
[WhiteElo "2359"]
[BlackElo "2548"]
[WhiteFideId "5206995"]
[BlackFideId "5201268"]
[EventDate "2015.03.17"]

1. e4 e6 2. b3 d5 3. Bb2 Nf6 4. e5 Nfd7 5. f4 c5 6. Qg4 Nc6 7. Nf3 a6 8. Be2 g6
9. O-O b6 10. Nc3 Qe7 11. Nd1 Bg7 12. Ne3 Bb7 13. Qg3 Rg8 14. d4 g5 15. f5 cxd4
16. Nxd4 Ncxe5 17. fxe6 fxe6 18. Bh5+ Kd8 19. Kh1 Nc5 20. Nxd5 exd5 21. Nf5 Ne4
22. Qe3 Qe6 23. Nxg7 Rxg7 24. Bxe5 Re7 25. Qd4 Kd7 26. Bf6 Nxf6 27. Rxf6 Qe3 28.
Qb4 Qc5 29. Qg4+ Kd8 30. Qxg5 Rc8 31. Qg8+ Kd7 32. Bg4+ Kc7 33. Bxc8 Qc3 34.
Qg3+ Qxg3 35. hxg3 Bxc8 36. Raf1 Be6 37. Re1 Kd6 38. Kg1 b5 39. c3 a5 40. a3 Re8
41. Kf2 Re7 42. g4 1-0

[Event "5th HD Bank Cup 2015"]
[Site "Ho Chi Minh City VIE"]
[Date "2015.03.18"]
[Round "3.8"]
[White "Hoang, Canh Huan"]
[Black "Nguyen, Duc Hoa"]
[Result "0-1"]
[WhiteTitle "FM"]
[BlackTitle "GM"]
[WhiteElo "2348"]
[BlackElo "2516"]
[WhiteFideId "12400599"]
[BlackFideId "12401358"]
[EventDate "2015.03.17"]

1. Nf3 d5 2. g3 Nf6 3. Bg2 g6 4. O-O Bg7 5. d3 O-O 6. Nbd2 c5 7. e4 Nc6 8. Re1
Re8 9. c3 e5 10. exd5 Nxd5 11. Nc4 h6 12. Qb3 Rb8 13. Ncxe5 Bxe5 14. Nxe5 Nxe5
15. Bxh6 Nb6 16. Bf4 Be6 17. c4 Nxd3 18. Rxe6 Rxe6 19. Bxb8 Qd4 20. Qc2 Nxc4 21.
Bxa7 b6 22. h3 Ncxb2 23. Rf1 c4 24. a4 Qe5 25. a5 Qxa5 26. Bb8 Qc5 27. g4 Qd4
28. Bg3 Nb4 29. Qc1 c3 30. Kh2 c2 31. Qa1 N4d3 32. Qa8+ Kg7 33. Bd5 Rf6 34. g5
Rf5 35. Bd6 Kh7 0-1

[Event "5th HD Bank Cup 2015"]
[Site "Ho Chi Minh City VIE"]
[Date "2015.03.18"]
[Round "3.9"]
[White "Barbosa, Oliver"]
[Black "To, Nhat Minh"]
[Result "1/2-1/2"]
[WhiteTitle "GM"]
[BlackTitle "IM"]
[WhiteElo "2501"]
[BlackElo "2323"]
[WhiteFideId "5201640"]
[BlackFideId "729019"]
[EventDate "2015.03.17"]

1. d4 Nf6 2. Bg5 Ne4 3. Bf4 d5 4. e3 c5 5. Bd3 Nf6 6. c3 Nc6 7. Nf3 e6 8. Nbd2
Bd6 9. Bg3 O-O 10. Qe2 Qe7 11. dxc5 Bxc5 12. e4 dxe4 13. Nxe4 Nxe4 14. Bxe4 f6
15. O-O-O e5 16. Bd5+ Kh8 17. h4 Be6 18. h5 Rfd8 19. Be4 Rxd1+ 20. Qxd1 Bxa2 21.
Qc2 Qe6 22. Bf5 Qg8 23. Nh4 Ne7 24. Be4 Rd8 25. Bxb7 Bb3 26. Qe4 Qe6 27. Qe2 a5
28. Qb5 Bb6 29. Be4 Bc4 30. Qa4 Bb3 31. Qb5 Bc4 32. Qa4 Bb3 33. Qb5 1/2-1/2

[Event "5th HD Bank Cup 2015"]
[Site "Ho Chi Minh City VIE"]
[Date "2015.03.18"]
[Round "3.10"]
[White "Duong, The Anh"]
[Black "Laylo, Darwin"]
[Result "0-1"]
[WhiteTitle "IM"]
[BlackTitle "GM"]
[WhiteElo "2340"]
[BlackElo "2499"]
[WhiteFideId "12401277"]
[BlackFideId "5201330"]
[EventDate "2015.03.17"]

1. d4 Nf6 2. Bg5 d5 3. e3 Nbd7 4. Bd3 e5 5. f3 Be7 6. Nd2 c5 7. c3 Qb6 8. Qb3
Qe6 9. Ne2 O-O 10. Qc2 g6 11. dxc5 Ng4 12. Bxe7 Nxe3 13. Bxf8 Nxc2+ 14. Bxc2
Kxf8 15. O-O-O Nxc5 16. Nb3 Nxb3+ 17. Bxb3 Qa6 18. Rhe1 Be6 19. f4 d4 20. Bxe6
Qxe6 21. Nxd4 Qxa2 22. fxe5 b5 23. e6 fxe6 24. Rxe6 b4 25. Rf6+ Kg8 26. Rf3 b3 0-1

[Event "5th HD Bank Cup 2015"]
[Site "Ho Chi Minh City VIE"]
[Date "2015.03.18"]
[Round "3.11"]
[White "Dao, Thien Hai"]
[Black "Vo, Thanh Ninh"]
[Result "1-0"]
[WhiteTitle "GM"]
[WhiteElo "2482"]
[BlackElo "2311"]
[WhiteFideId "12400084"]
[BlackFideId "12402141"]
[EventDate "2015.03.17"]

1. d4 Nf6 2. c4 e6 3. Nf3 b6 4. g3 Bb4+ 5. Bd2 Be7 6. Nc3 Bb7 7. Bg2 O-O 8. O-O
d5 9. cxd5 exd5 10. Rc1 c5 11. Bg5 Nbd7 12. dxc5 bxc5 13. Nh4 g6 14. Bh6 Re8 15.
Nxd5 Nxd5 16. Bxd5 Bxd5 17. Qxd5 Bxh4 18. gxh4 Qxh4 19. Be3 Qg4+ 20. Kh1 Qxe2
21. Qxd7 Qf3+ 22. Kg1 Re4 23. h3 Rh4 24. Kh2 f5 25. Qe6+ 1-0

[Event "5th HD Bank Cup 2015"]
[Site "Ho Chi Minh City VIE"]
[Date "2015.03.18"]
[Round "3.12"]
[White "Diu, Viacheslav"]
[Black "Tran, Quoc Dung"]
[Result "1/2-1/2"]
[WhiteTitle "IM"]
[WhiteElo "2457"]
[BlackElo "2288"]
[WhiteFideId "4167465"]
[BlackFideId "12400645"]
[EventDate "2015.03.17"]

1. d4 d5 2. c4 c6 3. Nf3 Nf6 4. Nc3 e6 5. e3 Nbd7 6. Bd3 Bd6 7. e4 dxe4 8. Nxe4
Nxe4 9. Bxe4 Bb4+ 10. Bd2 Qa5 11. a3 Bxd2+ 12. Qxd2 Qxd2+ 13. Kxd2 O-O 14. Rad1
Nf6 15. Bc2 b6 16. Ne5 Bb7 17. Kc3 Rac8 18. b4 Rfd8 19. Rd2 b5 20. c5 a5 21. Re1
Ra8 22. Bb3 axb4+ 23. axb4 Ra3 24. Kb2 Rda8 25. Rdd1 Nd5 26. Nd3 Kf8 27. f4 Bc8 1/2-1/2

[Event "5th HD Bank Cup 2015"]
[Site "Ho Chi Minh City VIE"]
[Date "2015.03.18"]
[Round "3.13"]
[White "Tin, Jingyao"]
[Black "Karthikeyan, P."]
[Result "1/2-1/2"]
[WhiteTitle "FM"]
[BlackTitle "IM"]
[WhiteElo "2326"]
[BlackElo "2452"]
[WhiteFideId "5804418"]
[BlackFideId "5018226"]
[EventDate "2015.03.17"]

1. d4 Nf6 2. Nf3 g6 3. c4 Bg7 4. Nc3 d5 5. e3 O-O 6. b4 a5 7. b5 c5 8. bxc6 Nxc6
9. Bb2 Bg4 10. cxd5 Nxd5 11. Nxd5 Qxd5 12. Be2 Rfc8 13. O-O Nb4 14. a3 Nc2 15.
Rc1 Qb3 16. Nd2 Qxb2 17. Bxg4 e6 18. a4 Na3 19. Rxc8+ Rxc8 20. Ne4 b6 21. Ng5 h5
22. Bh3 Rc7 23. Qf3 Qb3 24. Qa8+ Bf8 25. Ne4 Kg7 26. Qb8 Qc2 27. Nc5 Bd6 28. Qd8
Nc4 29. Bxe6 bxc5 30. Bxc4 cxd4 31. Qxd6 Rxc4 32. Qe5+ Kh7 33. exd4 Qf5 34. Qxf5
gxf5 35. Rd1 Rxa4 36. d5 Rb4 37. g3 Kg6 38. Kg2 Kf6 39. d6 Rb8 40. d7 Rd8 41.
Kh3 Ke6 42. Ra1 Rxd7 43. Rxa5 Kf6 44. Ra2 f4 45. g4 Rd5 46. Kh4 Kg6 47. f3 f6
48. gxh5+ Rxh5+ 49. Kg4 Rg5+ 50. Kxf4 Rf5+ 51. Kg3 Rg5+ 52. Kf2 Rh5 1/2-1/2

[Event "5th HD Bank Cup 2015"]
[Site "Ho Chi Minh City VIE"]
[Date "2015.03.18"]
[Round "3.14"]
[White "Nay Oo Kyaw Tun"]
[Black "Torre, Eugenio"]
[Result "1/2-1/2"]
[WhiteTitle "IM"]
[BlackTitle "GM"]
[WhiteElo "2292"]
[BlackElo "2449"]
[WhiteFideId "13000110"]
[BlackFideId "5200016"]
[EventDate "2015.03.17"]

1. e4 e5 2. Nf3 Nc6 3. Nc3 Bc5 4. Bc4 d6 5. h3 Be6 6. Bb3 Bxb3 7. axb3 Nge7 8.
O-O a6 9. d3 O-O 10. Be3 Bxe3 11. fxe3 f5 12. Nh4 fxe4 13. dxe4 Qd7 14. Qe2 Qe6
15. Rxf8+ Rxf8 16. Rf1 Rxf1+ 17. Kxf1 Nb4 18. Nf3 c6 19. Kg1 h6 20. Qd2 a5 21.
Na4 b5 22. Nc3 Na6 23. Nd1 b4 24. Nf2 Nc5 25. Qe2 Nc8 26. Nd2 Nb6 27. Nd3 Nbd7
28. Nf2 Nf6 29. Kh2 Kh7 30. Kg1 Qf7 31. Qf3 Qg6 32. Kh2 d5 33. Qf5 Ncxe4 34.
Qxg6+ Kxg6 35. Nfxe4 Nxe4 36. Nxe4 dxe4 37. Kg1 Kg5 38. g3 Kf5 39. Kf2 Ke6 40.
Ke2 Kd5 41. Kd2 Kc5 42. Kc1 Kb5 43. Kd2 h5 44. Kd1 c5 45. Kd2 g6 46. Kd1 a4 47.
bxa4+ Kxa4 48. Kc1 c4 49. Kb1 1/2-1/2